Statistics for Major Cities by Picture

Click here to take the quiz!

General Stats

  • This quiz has been taken 12 times
  • The average score is 3 of 15

Answer Stats

Answer% Correct
New York City
64%
Hong Kong
55%
London
36%
Istanbul
27%
Kinshasa
27%
Mexico City
27%
Paris
27%
Berlin
18%
Los Angeles
18%
Tokyo
18%
Mumbai
9%
Rome
9%
Moscow
0%
Seoul
0%
Toronto
0%

Score Distribution

Percentile by Number Answered

Percent of People with Each Score

Your Score History

You have not taken this quiz